| 000 | 00648nam a22001817a 4500 | ||
|---|---|---|---|
| 005 | 20251108164018.0 | ||
| 008 | 250721s2008 xx 000 0 ara d | ||
| 082 | 1 | 4 | _a956.3/داف |
| 100 | 1 |
_aدافيس، إريك _eمؤلف |
|
| 245 | 1 | 0 | _aمذكرات دولة : السياسة و التاريخ و الهوية الجماعية في العراق الحديث / |
| 264 | 1 |
_aبيروت : _bالمؤسسة العربية للدراسات و النشر، _c2008. |
|
| 300 | _a455ص. | ||
| 650 | 1 | 7 | _aتاريخ العراق |
| 650 | 1 | 7 | _aالعراق |
| 700 | 1 |
_aعبد الهادي، حاتم _eمترجم |
|
| 942 |
_2ddc _cBK |
||
| 999 |
_c1382 _d1382 |
||